Mechanical Vibrations (Record no. 4755)

MARC details
000 -LEADER
fixed length control field 00445nam a2200193Ia 4500
003 - CONTROL NUMBER IDENTIFIER
control field OSt
005 - DATE AND TIME OF LATEST TRANSACTION
control field 20230921091708.0
008 - FIXED-LENGTH DATA ELEMENTS--GENERAL INFORMATION
fixed length control field 230312s9999||||xx |||||||||||||| ||und||
020 ## - INTERNATIONAL STANDARD BOOK NUMBER
International Standard Book Number 978-81-7758-874
040 ## - CATALOGING SOURCE
Transcribing agency abc
082 ## - DEWEY DECIMAL CLASSIFICATION NUMBER
Classification number 620.3
Item number RAO-M
100 ## - MAIN ENTRY--PERSONAL NAME
Personal name Rao, Singiresu S.
245 #0 - TITLE STATEMENT
Title Mechanical Vibrations
260 ## - PUBLICATION, DISTRIBUTION, ETC.
Name of publisher, distributor, etc. Pearson Education
Place of publication, distribution, etc. India
Date of publication, distribution, etc. 2004
300 ## - PHYSICAL DESCRIPTION
Extent 1108
546 ## - LANGUAGE NOTE
Language note Eng.
650 ## - SUBJECT ADDED ENTRY--TOPICAL TERM
Topical term or geographic name entry element Engineering
942 ## - ADDED ENTRY ELEMENTS (KOHA)
Koha item type BOOK
Source of classification or shelving scheme Dewey Decimal Classification
Holdings
Withdrawn status Lost status Source of classification or shelving scheme Damaged status Not for loan Home library Current library Date acquired Total Checkouts Full call number Barcode Date last seen Price effective from Koha item type
    Dewey Decimal Classification     Superior Information Resource Center (SIRC) Superior University- Central Library Superior Information Resource Center (SIRC) Superior University- Central Library 03/13/2023   620.3 RAO-M 2009 4782 03/13/2023 03/13/2023 BOOK

Powered by Koha